[Pintura española S.XVII (Record no. 85868)

MARC details
000 -LEADER
campo de control de longitud fija 01207nkm a22002057a 4500
001 - NÚMERO DE CONTROL
campo de control 85868
005 - FECHA Y HORA DE LA ÚLTIMA TRANSACCIÓN
campo de control 20260430134722.0
007 - CAMPO FIJO DE DESCRIPCIÓN FÍSICA--INFORMACIÓN GENERAL
campo de control de longitud fija kh bo
008 - DATOS DE LONGITUD FIJA--INFORMACIÓN GENERAL
campo de control de longitud fija 260430s1900 sp ||||| |||| |0| i|spa d
040 ## - FUENTE DE CATALOGACIÓN
Centro catalogador/agencia de origen M-RABA
Lengua de catalogación spa
Centro/agencia transcriptor M-RABA
245 01 - MENCIÓN DEL TÍTULO
Título [Pintura española S.XVII
Resto del título : Heráclito de Éfeso]
Medio [Material gráfico]
260 ## - PUBLICACIÓN, DISTRIBUCIÓN, ETC.
Fecha de publicación, distribución, etc. [ca.1900]
300 ## - DESCRIPCIÓN FÍSICA
Extensión 1 fotografía
Otras características físicas : reproducción fotomecánica
Dimensiones , imagen 22 x 29 cm
500 00 - NOTA GENERAL
Nota general Fotografía de una pintura que representa al filósofo Heráclito de Éfeso del pintor Luca Giordano.
500 00 - NOTA GENERAL
Nota general La fotografía se encuentra en un estado de conservación regular debido seguramente a un mal almacenamiento. Presenta varias dobleces que se marcan a lo largo de todo el perímetro de la imagen y un desgarro en la esquina inferior izquierda que se encuentra sin consolidar. También presenta un pequeño agujero en la parte central superior lo que indica que fue colgada con un objeto punzante.
655 #7 - TERMINO DE INDIZACIÓN--GENERO/FORMA
Datos o término principal de género/forma Fotografías de obras de arte
9 (RLIN) 75675
852 ## - LOCALIZACIÓN
Número de control de estantería Fot-845
856 ## - LOCALIZACIÓN Y ACCESO ELECTRÓNICOS
Identificador Uniforme de Recurso <a href="https://archivoybiblioteca.realacademiabellasartessanfernando.com/cgi-bin/koha/opac-retrieve-file.pl?id=d372f720f5e2a5a0a470e3e4284ac440">https://archivoybiblioteca.realacademiabellasartessanfernando.com/cgi-bin/koha/opac-retrieve-file.pl?id=d372f720f5e2a5a0a470e3e4284ac440</a>
Texto de enlace Fot-845
942 ## - ELEMENTOS DE ENTRADA SECUNDARIOS (KOHA)
Tipo de ítem Koha Fotografías
Suprimir en OPAC No
Holdings
Estatus retirado Estado de pérdida Fuente de la clasificación o esquema de estantería Estado de daño No para préstamo Colección Biblioteca de origen Biblioteca actual Ubicación en estantería Fecha de adquisición Total de préstamos Signatura topográfica completa Código de barras Visto por última vez Precio de reemplazo Tipo de ítem Koha
    Clasificación Decimal Dewey     Fotografía Real Academia de la Bellas Artes de San Fernando Real Academia de la Bellas Artes de San Fernando Depósito 2 30/04/2026   Fot-845 1097185 30/04/2026 30/04/2026 Fotografías

Powered by Koha